000 00728nam a2200217Ia 4500
008 130821s2002 sp gr spa
020 _a9788420634289
040 _aCo-BoUCM
_bspa
041 0 0 _aspa
100 1 _aChejov, Anton
_d1860-1904.
245 1 3 _aLa señora del perrito y otros cuentos
_cAnton Chéjov; traducción de Juan López-Morillas
260 _aMadrid (España)
_b[Editorial desconocida]
_c2002
300 _a191 páginas
490 _aLiteratura
_v5509.
650 0 4 _aCuentos rusos
_912306
650 0 4 _aLiteratura europea
_926524
650 0 4 _aLiteratura rusa
_918740
700 1 _aLópez-Morillas, Juan
_etrad
942 _cLIBRO
_a18
_e1
_mC515s
_2DEWEY
_h891.73
_n0
999 _c44750
_d44750